| 000 | 00598nam a2200181Ia 4500 | ||
|---|---|---|---|
| 003 | GCL | ||
| 008 | 140319s9999 xx 000 0 ara d | ||
| 040 |
_aGCL / _cGCL |
||
| 082 | 0 | 4 |
_a091.1 _bم د |
| 100 | 1 | _aمحمود احمد حسن المراغى | |
| 245 | 1 | 0 |
_aدراسات فى المكتبة العربية وتدوين التراث / _cمحمود احمد حسن المراغى |
| 260 |
_a[S.N] : _bدار المعرفة الجامعية ، _c1996 |
||
| 300 |
_a238 ص ؛ _c24سم |
||
| 650 | 0 | 4 | _aالتراث |
| 650 | 0 | 4 | _aالكتب |
| 650 | 0 | 4 | _aالمكتبات |
| 942 |
_2ddc _cBK |
||
| 999 |
_c41984 _d41984 |
||